نظرية البطلان في قانون المرافعات : (Record no. 24372)
[ view plain ]
| 000 -الفاتح | |
|---|---|
| حقل البيانات ثابتة الطول | 01280nam a22002775a 4500 |
| 003 - محدد رقم الضبط | |
| رقم الضبط | OSt |
| 005 - وقت وتاريخ اخر تعامل مع التسجيلة | |
| رقم الضبط | 20170309122342.0 |
| 008 - عناصر البيانات ثابتة الطول - معلومات عامة | |
| حقل البيانات ثابتة الطول | 170226s1997 xx frb 000 0 ara d |
| 015 ## - | |
| -- | 1997 / 11388 |
| 020 ## - الرقم الدولى المعيارى للكتب | |
| الرقم الدولى المعيارى للكتاب | 9771944681 |
| 040 ## - مصدر الفهرسة | |
| وكالة الفهرسة الأصلية | EG-ScBUE |
| لغة الفهرسة | ara |
| وكالة النسخ | EG-ScBUE |
| 043 ## - رمز المنطقة الجغرافية | |
| رمز المنطقة الجغرافية | f-ua--- |
| 082 04 - رقم تصنيف ديوى العشرى | |
| رقم التصنيف | 347.6205 |
| رقم المادة | و ا ل |
| رقم الطبعة | 22 |
| 100 1# - المدخل الرئيسى - إسم شخصى | |
| الإسم الشخصى | والي، فتحي. |
| 245 10 - بيان العنوان | |
| العنوان | نظرية البطلان في قانون المرافعات : |
| بقية العنوان | دراسة تأصيلية وتطبيقية للأعمال الإجرائية في قانون المرافعات وأسباب بطلانها الشكلية والموضوعية وأنواع البطلان وبيان من له التمسك به وتصحيحة وآثاره / |
| بيان المسئوليه,etc | تأليف فتحي والي ؛ قام بتحديثها بما جد من تشريع وقضاء وفقه أحمد ماهر زغلول. |
| 250 ## - بيان الطبعة | |
| بيان الطبعة | ط. 2. |
| 260 ## - PUBLICATION, DISTRIBUTION, ETC. (IMPRINT) | |
| مكان الناشر او الموزع | [د. م. : |
| اسم الناشر او الموزع | د. ن.]، |
| تاريخ النشر أو التوزيع | 1997. |
| 300 ## - الوصف المادى | |
| التعداد | 957 ص. ؛ |
| أبعاد الوعاء | 24 سم. |
| 504 ## - تبصرة ببليوجرافية | |
| تبصرة ببليوجرافية,الخ | يشتمل على إرجاعات ببليوجرافية. |
| 650 #7 - المدخل الاضافى بالموضوع-مصطلح موضوعى | |
| مصطلح موضوعي أو اسم جغرافي كعنصر مدخل | نظرية البطلان |
| مصدر الرأس أو المصطلح | BUEsh |
| التقسيم الفرعي العام | مصر. |
| 650 #7 - المدخل الاضافى بالموضوع-مصطلح موضوعى | |
| مصطلح موضوعي أو اسم جغرافي كعنصر مدخل | قانون المرافعات |
| مصدر الرأس أو المصطلح | BUEsh |
| التقسيم الفرعي الجغرافي | مصر. |
| 9 (RLIN) | 20382 |
| 651 ## - المدخل الاضافى بالموضوع - اسم جغرافى | |
| مصدر الرأس أو المصطلح | BUEsh |
| 653 ## - مصطلح تكشيفى غير مقيد | |
| Resource For college | Law |
| Arrived date list | March2017 |
| 700 1# - المدخل الاضافى - اسم شخصى | |
| الإسم الشخصى | زغلول، أحمد ماهر، |
| الدور | محدث. |
| 942 ## - عناصر المدخل الإضافي( كوها) | |
| مصدر التصنيف او مخطط الترفيف | Dewey Decimal Classification |
| حالة التراجع | حالة الفقد | مصدر التصنيف او خطة الترفيف | حالة تلف | ليس للاعارة | مجموعات كوها | المكان الدائم | المكان الحالي | موقع الترفيف | تاريخ الاكتساب | Source of acquisition | سعر الشراء الطبيعي | تعداد مسلسل / التسلسل الزمني | رقم الاستدعاء | الباركود | Date last checked out | Date last seen | مُعار | التكلفة | نوع الوعاء |
|---|---|---|---|---|---|---|---|---|---|---|---|---|---|---|---|---|---|---|---|
| Dewey Decimal Classification | دار النهضة العربية | Central Library | Central Library | First floor | 09/03/2017 | Purchase | 90.00 | 2815 | 347.6205 و ا ل | 000045750 | 08/03/2025 | 14/01/2024 | 14/01/2024 | 112.50 | Book - Borrowing | ||||
| Dewey Decimal Classification | دار النهضة العربية | Central Library | Central Library | First floor | 09/03/2017 | Purchase | 90.00 | 2815 | 347.6205 و ا ل | 000045751 | 15/07/2025 | 08/11/2018 | 112.50 | Book - Borrowing |